Quizzes
Events
Quiz Creation
Community
Videos
Private Events
Remove Ads
Sign In
Join for FREE
Feedback
Dark Mode
Quiz Categories
Sports
Geography
Music
Movies
Television
Just For Fun
Miscellaneous
History
Literature
Language
Science
Gaming
Entertainment
Religion
Holiday
For Kids
Quiz Lab
Recent
Popular Today
Quiz Kudos Today
Editor Picks
Curator Picks
Quizzes by...
Day
Popularity
Type
Ratings
Length
Year
Community
Subscriptions
Recent Discussions
Orange Saloon
Badges
Playlists
Quests
Create
Leaderboards
Showdown
Live 5
Trivia Bingo
Activity
Puzzle Library
Sporcle Events
Private Events
Virtual Trivia
Globe League
Become a Host
Pub Owners
SporcleCon
Opinionation
Our Games
Videos
Blog
Mobile Apps
Partnerships
Remove Ads and Go Orange
Feedback
Music
Pop Music
The Beatles
Song
Album
Lyrics
Bands
Singers
Artist
Clip
Rock
Rap
Classical
Billboard
Country Music
Kpop
Taylor Swift
Music
Pop Music
The Beatles
Song
Album
Lyrics
Bands
Singers
Artist
Clip
Rock
Rap
Classical
Billboard
Country Music
Kpop
Taylor Swift
Random Quiz
Search Sporcle
×
Quiz Lab
Quiz Lab
Music
Artist
Type in answers that appear in a list
Type in answers that appear in a list
Classic
Best Score? Go Orange.
Musical Cameo Appearances Stats
Can you name the artists who made cameo appearances on other artists' songs?
By
shani3
7m
27 Questions
61 Plays
61 Plays
61 Plays
Comments
Comments
Give Quiz Kudos
Give Quiz Kudos
-
- Ratings
hide this ad
Replay
Link that replays current quiz
Next Quiz
Link to next quiz in quiz playlist
You Got
0%
They Got
Avg Score
31%
Avg Friend Score
Upgrade to see
Score Distribution
Jump to the score distribution portion of the page
Score
0/27
Timer
07:00
0
Plays Today
Song
Guest Artist
% Correct
While My Guitar Gently Weeps (guitar only)
Eric Clapton
90.2%
Beat It (guitar)
Eddie Van Halen
67.2%
Fame
John Lennon
65.6%
We Love You
John Lennon and Paul McCartney
60.7%
I Won't Back Down (guitar; vocals)
George Harrison
59%
Somebody's Watching Me
Michael Jackson
57.4%
I Saw Her Standing There
John Lennon & Luther Vandross
52.5%
You're So Vain
Mick Jagger
47.5%
The Weight (guitar only)
Duane Allman
34.4%
Layla (guitar only)
Duane Allman
34.4%
I Feel 4 U (keyboards; harmonica)
Stevie Wonder
32.8%
Buckets of Rain
Bob Dylan
29.5%
Stand Back (synthesizer only)
Prince
29.5%
Whenever I Call You Freind
Stevie Nicks
29.5%
Song
Guest Artist
% Correct
Young Americans
Luther Vandross
26.2%
Magnet & Steel
Stevie Nicks & Lindsey Buckingham
24.6%
Addicted To Love
Chaka Khan
19.7%
Fire Lake
Don Henley, Timothy B. Schmitt, & Glenn Frey
16.4%
Past the Mission
Trent Reznor
9.8%
Protection
Bruce Springsteen
8.2%
Scheherazade
Madonna
8.2%
Testimony
Bono
8.2%
Ain't No Sunshine (guitar only)
Steven Stills
8.2%
You've Got A Freind
Joni Mitchell
8.2%
Baby Knows
Sheryl Crow
4.9%
Goodbye, Blue Sky
Toni Tennille
3.3%
Gimme What You Got
Melissa Etheridge
3.3%
Quiz Playlist
Details
Report
Send in Message
Add To Playlist
Classic:
Type in answers that appear in a list
Quiz Source
Last Updated: Feb 16, 2017
Quiz Scoreboard
CHALLENGE
Sign Up to Join the Scoreboard
Show All
Scores
Hide
Comments
May contain spoilers
Recently Published
College Basketball Coaching Resumes
by pancakes188
Sports
9m
Billboard Blitz: Fleetwood Mac
by CooCooCachoo
Music
15s
Presidents Visiting Landmarks
by Hejman
History
7m
More to Explore
Quiz From the Vault
Featured Blog Post
Where Did the Easter Bunny Come From?
hide this ad
You Might Also Like...
Tags
Artist Quiz
Musical Quiz
Song Quiz
appearance
cameo
guest
Today's Top Quizzes in Music
Browse Music
hide this ad
Today's Top Quizzes in Artist
Browse Artist
Top Contributed Quizzes in Music
1
Taylor Swift All Songs (2024)
2
Guess the Artist- 70s Songs
3
7-to-1: Billboard Hot 100 #1 Hits of 2010s
4
Sorting Albums and Songs
5
Taylor Swift Logic Puzzle
6
KPOP LOGIC QUIZ
7
Guess the Taylor Swift song (Mystery Song)
8
One Thing in Common: Music
9
2010s Album by Cover III
10
Guess The Taylor Swift Lyrics Song #1
Explore More
Trending Topics
Disney
Anime
Kpop
Harry Potter
NBA
Crossword
Marvel
Soccer
WWE
Song
Country
The Office
NFL
Puzzle
Pokémon
hide this ad
More By:
shani3
Quiz
Plays
Rating
Category
Featured
Created
Rent: Life Cafe Order
15,577
4.29
Entertainment
Oct 27, 2009
fleetwood mac members
544
4.50
Music
Oct 20, 2009
Doctor Who Flatline speech
502
5.00
Television
Apr 14, 2015
muppets 12 days of christmas
344
4.00
Holiday
Oct 28, 2009
National Film Registry, Part I
296
4.67
Movies
Oct 27, 2009
Go to Creator's Profile
Score Distribution
Quiz Creator Spotlight
shani3
Follow
Send a Message
Quizzes Created
-
Created Quiz Play Count
-
More By This Creator
Popular Quizzes Today
1
Find the US States - No Outlines Minefield
2
Find the Countries of Europe - No Outlines Minefield
3
The Countries of the World
4
Find the US States
5
Risky Map Clicking: Biggest States A-Z
6
US States
7
Popular People in 1961
8
Movies - When Are They Set?
More Music Quizzes
TinyGrid: Kylie Minogue Singles
Quiz Lab
Trending Quizzes
Risky Map Clicking: Least Populous States A-Z
1-10 Letter G Words
1-10 Letter F Words
Risky Map Clicking: Next State Alphabetically
Risky Map Clicking: Biggest States A-Z
Recently Updated
Leaping Animals
pecheneg
Reality TV Shows (A-Z)
bhenderson79
Rickey Henderson's Hall of Fame Teammates
pecheneg
Champions League XIs: Arsenal
pecheneg
Quick Pick: Celebrities in WWE's Hall of Fame
aduchscher
A-Z Keypad Blitz II
pecheneg
Multiple Oscar Actors
pecheneg
Mystery Phrase Blitz: Oscar 'Best Actors'
pecheneg
F. Scott Fitzgerald Novels
LTH
Pick 3 Villains
ddd62291
Trending Topics
Kpop
Marvel
NBA
Harry Potter
Anime
Disney
Crossword
WWE
Soccer
Puzzle
NFL
Pokémon
Country
Song
The Office
Your Account Isn't Verified!
In order to create a playlist on Sporcle, you need to verify the email address you used during registration. Go to your
Sporcle Settings
to finish the process.
Report this User
Report this user for behavior that violates our
Community Guidelines
.
Details:
Send Report
Go to the Sporcle.com Mobile Site →
Comments